<?xml version="1.0" encoding="UTF-8"?>
<record
    xmlns:xsi="http://www.w3.org/2001/XMLSchema-instance"
    xsi:schemaLocation="http://www.loc.gov/MARC21/slim http://www.loc.gov/standards/marcxml/schema/MARC21slim.xsd"
    xmlns="http://www.loc.gov/MARC21/slim">

  <leader>02364nam a22004337a 4500</leader>
  <controlfield tag="003">EG-GICUC</controlfield>
  <controlfield tag="005">20260704121102.0</controlfield>
  <controlfield tag="008">260704s2022    ua a|||frm||| 000 0 eng d</controlfield>
  <datafield tag="040" ind1=" " ind2=" ">
    <subfield code="a">EG-GICUC</subfield>
    <subfield code="b">eng</subfield>
    <subfield code="c">EG-GICUC</subfield>
    <subfield code="d">EG-GICUC</subfield>
    <subfield code="e">rda</subfield>
  </datafield>
  <datafield tag="041" ind1="0" ind2=" ">
    <subfield code="a">eng</subfield>
    <subfield code="b">eng</subfield>
    <subfield code="b">ara</subfield>
  </datafield>
  <datafield tag="049" ind1=" " ind2=" ">
    <subfield code="a">Deposit</subfield>
  </datafield>
  <datafield tag="082" ind1="0" ind2="4">
    <subfield code="a">120</subfield>
  </datafield>
  <datafield tag="092" ind1=" " ind2=" ">
    <subfield code="a">120</subfield>
    <subfield code="2">21</subfield>
  </datafield>
  <datafield tag="097" ind1=" " ind2=" ">
    <subfield code="a">Ph.D</subfield>
  </datafield>
  <datafield tag="099" ind1=" " ind2=" ">
    <subfield code="a">Cai01.16.01.Ph.D.2022.Ra.I</subfield>
  </datafield>
  <datafield tag="100" ind1="0" ind2=" ">
    <subfield code="a">Rabab Helmy Mahmoud Ahmed,</subfield>
    <subfield code="e">preparation.</subfield>
  </datafield>
  <datafield tag="245" ind1="1" ind2="0">
    <subfield code="a">Impact of Severe Early Childhood Caries on Different Health Parameters /</subfield>
    <subfield code="c">by Rabab Helmy Mahmoud Ahmed ; Supervised Prof.Dr. Nancy Ahmed Fakhry , Prof.Dr. Mohamed Abou El-Yazeed Ahmed , Prof.Dr. Tamer Gad Rashed , Prof.Dr. Ghada Abd El-Wahab Ahmed.</subfield>
  </datafield>
  <datafield tag="246" ind1="1" ind2="5">
    <subfield code="a">&#x62A;&#x623;&#x62B;&#x64A;&#x631; &#x62A;&#x633;&#x648;&#x633; &#x627;&#x644;&#x623;&#x633;&#x646;&#x627;&#x646; &#x627;&#x644;&#x62D;&#x627;&#x62F; &#x641;&#x64A; &#x645;&#x631;&#x62D;&#x644;&#x629; &#x627;&#x644;&#x637;&#x641;&#x648;&#x644;&#x629; &#x627;&#x644;&#x645;&#x628;&#x643;&#x631;&#x629; &#x639;&#x644;&#x649; &#x645;&#x62E;&#x62A;&#x644;&#x641; &#x627;&#x644;&#x645;&#x624;&#x634;&#x631;&#x627;&#x62A; &#x627;&#x644;&#x635;&#x62D;&#x64A;&#x629; /</subfield>
  </datafield>
  <datafield tag="264" ind1=" " ind2="0">
    <subfield code="c">2022.</subfield>
  </datafield>
  <datafield tag="300" ind1=" " ind2=" ">
    <subfield code="a">188 p. :</subfield>
    <subfield code="b">illustrations ; </subfield>
    <subfield code="c">25 cm. + </subfield>
    <subfield code="e">CD.</subfield>
  </datafield>
  <datafield tag="336" ind1=" " ind2=" ">
    <subfield code="a">text</subfield>
    <subfield code="2">rda content</subfield>
  </datafield>
  <datafield tag="337" ind1=" " ind2=" ">
    <subfield code="a">Unmediated</subfield>
    <subfield code="2">rdamedia</subfield>
  </datafield>
  <datafield tag="338" ind1=" " ind2=" ">
    <subfield code="a">volume</subfield>
    <subfield code="2">rdacarrier</subfield>
  </datafield>
  <datafield tag="502" ind1=" " ind2=" ">
    <subfield code="a">Thesis (Ph.D)-Cairo University,2022- Faculty of African Studies - Department of Anthropology</subfield>
  </datafield>
  <datafield tag="504" ind1=" " ind2=" ">
    <subfield code="a">Bibliography: p.159-181.</subfield>
  </datafield>
  <datafield tag="520" ind1=" " ind2=" ">
    <subfield code="a">Early childhood caries (ECC) is the most common chronic disease among
young children. It is a significant public health problem. Its Severe form (S-ECC)
has impact on different health aspects. Many children suffering from S-ECC are
believed to be malnourished, anemic, underweight, and have altered somatic growth
patterns. Thus, S-ECC lead to nutritional deficiency anemia and poor oral healthrelated quality of life</subfield>
  </datafield>
  <datafield tag="530" ind1=" " ind2=" ">
    <subfield code="a">Issues also as CD.</subfield>
  </datafield>
  <datafield tag="546" ind1=" " ind2=" ">
    <subfield code="a">Text in English and abstract in Arabic &amp; English.</subfield>
  </datafield>
  <datafield tag="650" ind1=" " ind2="0">
    <subfield code="a">Severe Early Childhood Caries</subfield>
  </datafield>
  <datafield tag="653" ind1=" " ind2="1">
    <subfield code="a">Growth</subfield>
  </datafield>
  <datafield tag="700" ind1="0" ind2=" ">
    <subfield code="a">Nancy Ahmed Fakhry</subfield>
    <subfield code="e">thesis advisor.</subfield>
  </datafield>
  <datafield tag="700" ind1="0" ind2=" ">
    <subfield code="a">Mohamed Abou El-Yazeed Ahmed</subfield>
    <subfield code="e">thesis advisor.</subfield>
  </datafield>
  <datafield tag="700" ind1="0" ind2=" ">
    <subfield code="a">Tamer Gad Rashed </subfield>
    <subfield code="e">thesis advisor.</subfield>
  </datafield>
  <datafield tag="700" ind1="0" ind2=" ">
    <subfield code="a">Ghada Abd El-Wahab Ahmed</subfield>
    <subfield code="e">thesis advisor.</subfield>
  </datafield>
  <datafield tag="900" ind1=" " ind2=" ">
    <subfield code="b">01-01-2022</subfield>
    <subfield code="c">Nancy Ahmed Fakhry , Prof.Dr. , Prof.Dr.  , Prof.Dr. </subfield>
    <subfield code="c">Mohamed Abou El-Yazeed Ahmed </subfield>
    <subfield code="c">Tamer Gad Rashed</subfield>
    <subfield code="c">Ghada Abd El-Wahab Ahmed.</subfield>
    <subfield code="U">Cairo University</subfield>
    <subfield code="F">Faculty of African Studies</subfield>
    <subfield code="D"> Department of Anthropology</subfield>
  </datafield>
  <datafield tag="905" ind1=" " ind2=" ">
    <subfield code="a">Shimaa</subfield>
  </datafield>
  <datafield tag="942" ind1=" " ind2=" ">
    <subfield code="2">ddc</subfield>
    <subfield code="c">TH</subfield>
    <subfield code="e">21</subfield>
    <subfield code="n">0</subfield>
  </datafield>
  <datafield tag="999" ind1=" " ind2=" ">
    <subfield code="c">180684</subfield>
  </datafield>
  <datafield tag="952" ind1=" " ind2=" ">
    <subfield code="2">ddc</subfield>
    <subfield code="9">319419</subfield>
    <subfield code="a">CUCL</subfield>
    <subfield code="b">cl210</subfield>
    <subfield code="d">2026-07-04</subfield>
    <subfield code="i">85940</subfield>
    <subfield code="o">Cai01.16.01.Ph.D.2022.Ra.I</subfield>
    <subfield code="p">01010110085940000</subfield>
    <subfield code="r">2026-07-04 11:11:37</subfield>
    <subfield code="w">2026-07-04</subfield>
    <subfield code="y">TH</subfield>
  </datafield>
</record>
